Quizzes
Events
Quiz Creation
Community
Videos
Private Events
Remove Ads
Sign In
Join for FREE
Feedback
Dark Mode
Quiz Categories
Sports
Geography
Music
Movies
Television
Just For Fun
Miscellaneous
History
Literature
Language
Science
Gaming
Entertainment
Religion
Holiday
For Kids
Quiz Lab
Recent
Popular Today
Quiz Kudos Today
Editor Picks
Curator Picks
Quizzes by...
Day
Popularity
Type
Ratings
Length
Year
Community
Subscriptions
Recent Discussions
Orange Saloon
Badges
Playlists
Quests
Create
Leaderboards
Showdown
Live 5
Trivia Bingo
Activity
Puzzle Library
Sporcle Events
Private Events
Virtual Trivia
Globe League
Become a Host
Pub Owners
SporcleCon
Opinionation
Our Games
Videos
Blog
Mobile Apps
Partnerships
Remove Ads and Go Orange
Feedback
Sports
Athletes
MLB
NBA
NHL
NFL
Soccer
Sports Teams
WWE
NCAA
Football
Premier League
Basketball
Baseball
Hockey
Golf
Tennis
Cricket
Rugby
Auto Racing
Olympics
World Cup
Sports
Athletes
MLB
NBA
NHL
NFL
Soccer
Sports Teams
WWE
NCAA
Football
Premier League
Basketball
Baseball
Hockey
Golf
Tennis
Cricket
Rugby
Auto Racing
Olympics
World Cup
Random Quiz
Search Sporcle
×
Quiz Lab
Quiz Lab
Sports
Country
Type in answers that appear in a list
Type in answers that appear in a list
Classic
Best Score? Go Orange.
FIFA World Cup 2006 Goalscorers Stats
Can you name the goalscorers of the 2006 World Cup?
By
Resistance
15m
105 Questions
1,121 Plays
1,121 Plays
1,121 Plays
Comments
Comments
Give Quiz Kudos
Give Quiz Kudos
-
- Ratings
hide this ad
More Info
Replay
Link that replays current quiz
Next Quiz
Link to next quiz in quiz playlist
You Got
0%
They Got
Avg Score
58%
Avg Friend Score
Upgrade to see
Score Distribution
Jump to the score distribution portion of the page
Score
0/105
Timer
15:00
0
Plays Today
Country
Player
% Correct
Portugal
Cristiano Ronaldo
97.2%
Brazil
Ronaldo
97.1%
Germany
Miroslav Klose
94.9%
Argentina
Lionel Messi
93.6%
Côte d'Ivoire
Didier Drogba
92.9%
France
Thierry Henry
92.5%
France
Zinedine Zidane
92.4%
Spain
Fernando Torres
88.2%
Germany
Lukas Podolski
86.8%
Italy
Alessandro Del Piero
86.5%
Spain
David Villa
85.9%
England
Steven Gerrard
85.8%
Italy
Francesco Totti
85.6%
Australia
Tim Cahill
83.3%
Ukraine
Andriy Shevchenko
83.2%
Germany
Phillip Lahm
83.1%
Brazil
Kaká
82.7%
England
David Beckham
82.6%
Argentina
Hernán Crespo
81.8%
Italy
Fabio Grosso
81.5%
Italy
Andrea Pirlo
80.9%
Italy
Luca Toni
80%
Netherlands
Arjen Robben
79.9%
Italy
Marco Materazzi
79.1%
Netherlands
Robin van Persie
78.4%
Ghana
Asamoah Gyan
78.2%
Argentina
Carlos Tévez
77.8%
England
Joe Cole
77.6%
France
Franck Ribéry
76.5%
England
Peter Crouch
76.2%
Sweden
Henrik Larsson
76.2%
Korea Republic
Park Ji-Sung
76%
Argentina
Maxi Rodríguez
74.9%
Germany
Bastian Schweinsteiger
74.3%
Brazil
Adriano
73.5%
Country
Player
% Correct
Netherlands
Ruud van Nistelrooy
73.3%
Germany
Torsten Frings
72.7%
Argentina
Esteban Cambiasso
72.1%
Czech Republic
Jan Koller
71.6%
Spain
Raúl
71.3%
Czech Republic
Tomáš Rosický
68.7%
Australia
Harry Kewell
68.3%
Costa Rica
Paulo Wanchope
68.2%
Italy
Filippo Inzaghi
67.2%
France
Patrick Vieira
66.6%
Portugal
Deco
66.4%
Italy
Gianluca Zambrotta
65.5%
Switzerland
Alexander Frei
65.4%
Portugal
Maniche
64.8%
Côte d'Ivoire
Bonaventure Kalou
64.6%
Portugal
Pauleta
62.9%
USA
Clint Dempsey
62.9%
Mexico
Rafael Márquez
61.7%
Italy
Vincenzo Iaquinta
61.6%
Brazil
Zé Roberto
61.3%
Italy
Alberto Gilardino
61.2%
Portugal
Nuno Gomes
58.7%
Germany
Oliver Neuville
58.4%
Brazil
Juninho Pernambucano
53.6%
Argentina
Roberto Ayala
53.3%
Korea Republic
Lee Chun-Soo
52.7%
Argentina
Javier Saviola
50.8%
Brazil
Fred
50%
Ghana
Sulley Ali Muntari
49.2%
Costa Rica
Rónald Gómez
49%
Spain
Xabi Alonso
49%
Ghana
Stephen Appiah
48.2%
Japan
Shunsuke Nakamura
48.2%
Sweden
Fredrik Ljungberg
48.2%
Portugal
Simão
48%
Country
Player
% Correct
Croatia
Darijo Srna
46.2%
Ukraine
Sergiy Rebrov
45.7%
Ecuador
Agustín Delgado
45.7%
Côte d'Ivoire
Bakary Koné
44.8%
Serbia & Montenegro
Nikola Žigić
44.4%
Brazil
Gilberto
42.7%
Côte d'Ivoire
Aruna Dindane
41.8%
Croatia
Niko Kovač
41.6%
Sweden
Marcus Allbäck
40.8%
Korea Republic
Ahn Jung-Hwan
39.9%
Switzerland
Tranquillo Barnetta
39.1%
Australia
John Aloisi
37.5%
Mexico
Omar Bravo
37.5%
Saudi Arabia
Sami Al-Jaber
37.3%
Switzerland
Philippe Senderos
36.4%
Australia
Craig Moore
31.2%
Angola
Flávio
31.2%
Ecuador
Iván Kaviedes
29.5%
Poland
Bartosz Bosacki
28%
Spain
Juanito
27.9%
Paraguay
Nelson Cuevas
26.3%
Mexico
Sinha
26.1%
Tunisia
Radhi Jaïdi
24.4%
Togo
Mohamed Kader
22.2%
Mexico
Francisco Fonseca
22.1%
Japan
Keiji Tamada
21.8%
Ukraine
Andriy Rusol
21.4%
Serbia & Montenegro
Saša Ilić
20.9%
Tunisia
Ziad Jaziri
20.1%
Iran
Yahya Golmohammadi
19.2%
Ukraine
Maksym Kalynychenko
17.5%
Ghana
Haminu Dramani
16.7%
Saudi Arabia
Yasser Al-Qahtani
14.5%
Tunisia
Jaouhar Mnari
13.2%
Iran
Sohrab Bakhtiarizadeh
11.9%
Quiz Playlist
Details
Report
Send in Message
Add To Playlist
More Info:
Does not include own goals.
Classic:
Type in answers that appear in a list
Last Updated: Feb 16, 2017
Quiz Scoreboard
CHALLENGE
Sign Up to Join the Scoreboard
Show All
Scores
Hide
Comments
May contain spoilers
Recently Published
Billboard Blitz: Fleetwood Mac
by CooCooCachoo
Music
15s
Presidents Visiting Landmarks
by Hejman
History
7m
An Introduction to Baseball
by treessimontrees
Sports
5m
More to Explore
Quiz From the Vault
Featured Blog Post
Where Did the Easter Bunny Come From?
hide this ad
You Might Also Like...
Tags
Country Quiz
World Quiz
2006
cup
FIFA
goal
Goal Scorers
Player
Today's Top Quizzes in Sports
Browse Sports
hide this ad
Today's Top Quizzes in Country
Browse Country
Top Contributed Quizzes in Sports
1
Les meilleurs buteurs des matchs entre le PSG et l’OM
2
2022 World Cup Stars
3
FIFA Club World Cup Champions
4
Les entraîneurs de l'OM et du PSG au 21e siècle
5
Name the Premier League winners with different clubs
6
5-to-1: UK Sports Teams
7
La finale Lions - Afrique du Sud 2021
8
Criteria MLB: Left Handed Sluggers
9
AFC Teams Reveal (Wrong Answers Minefield)
10
England Test cricketers to play under Nasser Hussain
Explore More
Trending Topics
NBA
Crossword
Marvel
Harry Potter
Kpop
Disney
Anime
WWE
The Office
Soccer
Song
Pokémon
Puzzle
NFL
Country
hide this ad
More By:
Resistance
Quiz
Plays
Rating
Category
Featured
Created
Premier League Managers (2000-2020)
179,664
4.56
Sports
Oct 29, 2009
150 Most Capped England Players
172,667
4.43
Sports
Apr 11, 2010
England World Cup Squads Since 1970
21,499
4.66
Sports
Jun 13, 2010
The History of the FIFA World Cup
15,206
4.64
Sports
Aug 1, 2010
Premier League Footballers: Manchester United
14,796
4.29
Sports
Apr 22, 2011
Go to Creator's Profile
Score Distribution
Quiz Creator Spotlight
Resistance
Follow
Send a Message
Quizzes Created
-
Created Quiz Play Count
-
More By This Creator
Popular Quizzes Today
1
Find the US States - No Outlines Minefield
2
Find the Countries of Europe - No Outlines Minefield
3
The Countries of the World
4
Find the US States
5
Popular People in 1961
6
US States
7
Risky Map Clicking: Biggest States A-Z
8
Movies - When Are They Set?
More Sports Quizzes
Ballon d'Or Without Messi and Ronaldo
Curator's Pick
Trending Quizzes
Risky Map Clicking: Least Populous States A-Z
1-10 Letter G Words
1-10 Letter F Words
Risky Map Clicking: Next State Alphabetically
'A' Boys' Names Grid
Recently Updated
Leaping Animals
pecheneg
Reality TV Shows (A-Z)
bhenderson79
Rickey Henderson's Hall of Fame Teammates
pecheneg
Champions League XIs: Arsenal
pecheneg
Quick Pick: Celebrities in WWE's Hall of Fame
aduchscher
A-Z Keypad Blitz II
pecheneg
Multiple Oscar Actors
pecheneg
Mystery Phrase Blitz: Oscar 'Best Actors'
pecheneg
F. Scott Fitzgerald Novels
LTH
Pick 3 Villains
ddd62291
Trending Topics
Marvel
Disney
Crossword
Harry Potter
Anime
Kpop
NBA
Puzzle
The Office
NFL
Country
WWE
Pokémon
Song
Soccer
Your Account Isn't Verified!
In order to create a playlist on Sporcle, you need to verify the email address you used during registration. Go to your
Sporcle Settings
to finish the process.
Report this User
Report this user for behavior that violates our
Community Guidelines
.
Details:
Send Report
Go to the Sporcle.com Mobile Site →
Comments